Nhìn lại truyện ngắn trong dòng văn học yêu nước đô thị miền nam (1954-1965) /

保存先:
書誌詳細
第一著者: Phạm Thanh Hùng, TS.
フォーマット: 論文
言語:Vietnamese
主題:
タグ: タグ追加
タグなし, このレコードへの初めてのタグを付けませんか!
Thư viện lưu trữ: Thư viện Trường Đại học Đà Lạt
LEADER 00855nam a2200265 4500
001 DLU190192162
005 ##20190829
040 # # |a DLU  |b vie 
041 # # |a vie 
044 # # |a vn 
100 # # |a Phạm Thanh Hùng,   |c TS. 
245 # # |a Nhìn lại truyện ngắn trong dòng văn học yêu nước đô thị miền nam (1954-1965) /  |c Phạm Thanh Hùng. 
653 # # |a Nghiên cứu văn học 
653 # # |a Truyện ngắn 
653 # # |a Văn học yêu nước 
773 # # |t Tạp chí Lý luận phê bình văn học - Nghệ thuật  |g Số 53, 2017, tr. 31-40 
920 # # |a Phòng Tạp chí -- Trung tâm Thông tin - Thư viện Trường Đại học Đà Lạt 
994 # # |a DLU 
900 # # |a True 
911 # # |a Trần Thị Minh Hương 
925 # # |a G 
926 # # |a A 
927 # # |a BB 
980 # # |a Thư viện Trường Đại học Đà Lạt